000 00376 a2200169 4500
001 191322
020 _a85-7311-092-9
040 _cMagnum
100 _aOrthof, Sylvia
240 1 0 _aTia Januária é veterinária
_lpor
245 1 0 _aTia Januária é veterinária
300 _a14
362 0 _a2001
440 1 _aPaulinas
697 _aLITERATURA INFANTO
942 _cBK
999 _c191322
_d191322